000 00803nmm a2200277 a 4500
001 ocm000607711
003 TR-IsHL
005 20201028130028.0
008 130927s2002 tu tur
007 cr cn
020 _a9789756544297
035 _a607711
_b(N$T)
050 0 4 _aDS22
_b.D56 2002
090 0 4 _aDS22
_b.D56 2002
100 1 _aDinç, İhsan
245 1 0 _aCengiz Han
_h[electronic resource] /
_cİhsan Dinç
250 _a1. bs.
260 _aİstanbul :
_bKastaş Yayınevi,
_c2002
300 _a180 p.
650 4 _aTarih
650 4 _aHistory
650 0 _aCengiz Han, 1162-1227
650 0 _aChingiz Khan, 1162-1227
650 7 _aHISTORY / Asia / General
_2bisacsh
856 4 0 _uhttp://search.ebscohost.com/login.aspx?direct=true&scope=site&db=e011xww&AN=607711
999 _c3800
_d3800